Imagen de john keats /

Guardado en:
Autor Principal: Cortázar, Julio
Formato: Libro
Publicado: Buenos Aires : Alfaguara, 2012
Series:Biblioteca julio Cortázar
Materias:
Etiquetas: Agregar Etiqueta
Sin Etiquetas, Sea el primero en etiquetar este registro!
LEADER 00597nam a22002175a 4500
001 CEM.cems014451
005 20140806154930.0
008 130507s2012##################000#0#####d
003 CEMS
020 |a 9789870422907 
082 0 4 |a 928 
100 1 |a Cortázar, Julio 
245 1 0 |a Imagen de john keats /  |c Julio Cortázar 
260 |a Buenos Aires :  |b Alfaguara,  |c 2012 
300 |a 672 p. 
490 0 |a Biblioteca julio Cortázar 
653 |a Literatura 
653 |a Literatura argentina 
653 |a Biografía 
653 |a Narrativa 
859 |a CEMS  |b BIB. CEMS - 11 de abril  |h 928  |i K224c  |p 27011.14  |t Ej.1